Načítá se...

അത്ഭുതവിശ്വാസങ്ങളും ആചാരങ്ങളും

Podrobná bibliografie
Hlavní autoři: കെ സുകുമാര്‍, K Sukumar
Médium: Printed Book
Témata:
LEADER 00764nam a22001577a 4500
082 |a 894.M301  |b SUK/A  
100 |a കെ സുകുമാര്‍;  |9 151049 
100 |a K Sukumar  |9 151050 
240 |a Athbhuthaviswasangalum acharanangalum 
245 |a അത്ഭുതവിശ്വാസങ്ങളും ആചാരങ്ങളും 
300 |a v;249p. 
650 |a മലയാളം; മലയാളം സാഹിത്യം; മലയാളം ചെറുകഥകള്‍  |9 151051 
650 |a Malayalam; Malayalam Literature; Malayalam Short Stories  |9 151052 
942 |c BK 
999 |c 41746  |d 41746 
952 |0 0  |1 0  |4 0  |6 894_000000000000000_M301_SUK_A  |7 0  |8 STO  |9 47897  |a MAL  |b MAL  |d 2015-08-06  |e 8217  |l 0  |o 894.M301 SUK/A  |p MAL008217  |r 2015-08-06  |t 1  |w 2015-08-06  |y BK